Active radar electronic countermeasures / (Record no. 175896)

000 -LEADER
fixed length control field 01067 a2200241 4500
003 - CONTROL NUMBER IDENTIFIER
control field Nust
005 - DATE AND TIME OF LATEST TRANSACTION
control field 20221229115653.0
010 ## - LIBRARY OF CONGRESS CONTROL NUMBER
LC control number 89017553
020 ## - INTERNATIONAL STANDARD BOOK NUMBER
International Standard Book Number 0890062900
040 ## - CATALOGING SOURCE
Transcribing agency Nust
082 00 - DEWEY DECIMAL CLASSIFICATION NUMBER
Classification number 623.7348,CHR
100 1# - MAIN ENTRY--PERSONAL NAME
Personal name Chrzanowski, Edward J.,
9 (RLIN) 106332
245 10 - TITLE STATEMENT
Title Active radar electronic countermeasures /
Statement of responsibility, etc. Edward J. Chrzanowski.
260 ## - PUBLICATION, DISTRIBUTION, ETC.
Place of publication, distribution, etc. Norwood, MA :
Name of publisher, distributor, etc. Artech House,
Date of publication, distribution, etc. c1990.
300 ## - PHYSICAL DESCRIPTION
Extent xv, 246 p. :
Other physical details ill. ;
Dimensions 24 cm.
440 #0 - SERIES STATEMENT/ADDED ENTRY--TITLE
Title Artech House radar library
9 (RLIN) 28729
505 ## - FORMATTED CONTENTS NOTE
Formatted contents note ECM Overview (Page-1), ECM Principles (Page-21), Search Radar Range Countermeasures (Page-51), Search Radar Angle Countermeasures (Page-),87 Tracking Radar Range Countermeasures (Page-109), Tracking Radar Angle Countermeasures (Page-133), Other Radars (Page-165), Resource Management in CEM Systems (Page-177), Radar –ECM Challenges (Page-191).
650 #0 - SUBJECT ADDED ENTRY--TOPICAL TERM
Topical term or geographic name entry element Electronic countermeasures.
9 (RLIN) 106333
650 #0 - SUBJECT ADDED ENTRY--TOPICAL TERM
Topical term or geographic name entry element Radar transmitters.
9 (RLIN) 60684
650 #0 - SUBJECT ADDED ENTRY--TOPICAL TERM
Topical term or geographic name entry element Radar
General subdivision Interference.
9 (RLIN) 106334
650 #0 - SUBJECT ADDED ENTRY--TOPICAL TERM
Topical term or geographic name entry element Radar
General subdivision Military applications.
9 (RLIN) 48895
942 ## - ADDED ENTRY ELEMENTS (KOHA)
Source of classification or shelving scheme
Koha item type Book
Holdings
Withdrawn status Lost status Source of classification or shelving scheme Damaged status Not for loan Permanent Location Current Location Shelving location Date acquired Full call number Barcode Date last seen Price effective from Koha item type Public note
          Military College of Signals (MCS) Military College of Signals (MCS) General Stacks 12/12/2016 623.7348,CHR MCS27265 12/08/2016 12/12/2016 Book Almirah No.41, Shelf No.1
© 2023 Central Library, National University of Sciences and Technology. All Rights Reserved.